Business Cycle in Czechoslovakia Under Central Planning Were Credit Shocks Causing It?
Gespeichert in:
| 1. Verfasser: | |
|---|---|
| Format: | Buch |
| Sprache: | Englisch |
| Veröffentlicht: |
Washington
International Monetary Fund
1996
|
| Ausgabe: | 1. ed. |
| Schriftenreihe: | IMF Working Paper
129 |
| Schlagworte: | |
| Tags: |
Keine Tags, Fügen Sie das erste Tag hinzu!
|
MARC
| LEADER | 00000nam a2200000 4500 | ||
|---|---|---|---|
| 001 | c017521 | ||
| 005 | 20221205125019.3 | ||
| 041 | 0 | |a eng | |
| 044 | |a US | ||
| 245 | 1 | 0 | |a Business Cycle in Czechoslovakia Under Central Planning |b Were Credit Shocks Causing It? |c Aleš Bulíř |
| 250 | |a 1. ed. | ||
| 264 | 1 | |a Washington |b International Monetary Fund |c 1996 | |
| 300 | |a 19 s. | ||
| 490 | 1 | |a IMF Working Paper |v 129 | |
| 830 | 0 | |a IMF Working Paper |v 129 | |
| 610 | 2 | 0 | |a cykly hospodárske |
| 610 | 2 | 0 | |a situácia hospodárska |
| 610 | 2 | 0 | |a politika úverová |
| 610 | 2 | 0 | |a úver |
| 610 | 2 | 0 | |a fluktuácia |
| 610 | 2 | 0 | |a centralizácia |
| 610 | 2 | 0 | |a plánovanie hospodárske |
| 610 | 2 | 0 | |a ochrana majetku národného |
| 610 | 2 | 0 | |a úpadok hospodársky |
| 610 | 2 | 0 | |a Československo |
| 610 | 2 | 0 | |a hospodárstvo socialistické |
| 100 | 1 | |a Bulíř, Aleš | |